Statistiche per Podi italiani ai Giochi Olimpici di Tokyo 2020

Clicka qui per fare il quiz!

Statistiche generali

  • Questo quiz è stato fatto 61 volte
  • Il punteggio medio è 23 su 67

Statistiche sulle risposte

MetalloSportSpecialitàM/FNome% Corretto
OroAtletica leggeraStaffetta 4x100 mMMarcell Jacobs
100%
OroAtletica leggera100 m pianiMMarcell Jacobs
100%
OroAtletica leggeraSalto in alto MGianmarco Tamberi
93%
OroAtletica leggeraStaffetta 4x100 mMFilippo Tortu
85%
ArgentoNuoto800 m stile liberoMGregorio Paltrinieri
81%
BronzoNuotoMaratona 10 kmMGregorio Paltrinieri
81%
OroCiclismoInseguimento a squadreMFilippo Ganna
65%
ArgentoGinnastica artisticaCorpo liberoFVanessa Ferrari
63%
OroAtletica leggeraStaffetta 4x100 mMEseosa Desalu
61%
OroTaekwondo58 kgMVito Dell'Aquila
57%
BronzoCiclismoOmniumMElia Viviani
56%
OroAtletica leggeraMarcia 20 kmMMassimo Stano
52%
OroAtletica leggeraStaffetta 4x100 mMLorenzo Patta
48%
BronzoNuoto800 m stile liberoFSimona Quadarella
48%
ArgentoSchermaSciabola a squadreMAldo Montano
46%
OroAtletica leggeraMarcia 20 kmFAntonella Palmisano
44%
BronzoCiclismoCorsa in lineaFElisa Longo Borghini
43%
BronzoNuoto4x100 m mistaMNicolò Martinenghi
43%
BronzoNuoto100 m ranaMNicolò Martinenghi
43%
Bronzo
Nuoto
4x100 m mistaM
Thomas Ceccon
41%
ArgentoNuoto4x100 m stile liberoMThomas Ceccon
41%
OroCiclismoInseguimento a squadreMJonathan Milan
39%
ArgentoNuoto4x100 m stile liberoMAlessandro Miressi
37%
BronzoNuoto4x100 m mistaMAlessandro Miressi
37%
ArgentoSchermaFioretto IndividualeMDaniele Garozzo
37%
OroCiclismoInseguimento a squadreMFrancesco Lamon
35%
ArgentoTiroSkeetFDiana Bacosi
33%
BronzoPugliatoPesi piumaFIrma Testa
33%
OroKarateKumite 75 kgMLuigi Busà
33%
ArgentoSchermaSciabola IndividualeMLuigi Samele
33%
ArgentoSchermaSciabola a squadreMLuigi Samele
33%
ArgentoTiro con l'arcoIndividualeMMauro Nespoli
33%
BronzoJudo52 kgFOdette Giuffrida
33%
BronzoNuoto4x100 m mistaMFederico Burdisso
31%
BronzoNuoto200 m farfallaMFederico Burdisso
31%
ArgentoNuoto4x100 m stile liberoMLorenzo Zazzeri
31%
BronzoSchermaFioretto a squadreFArianna Errigo
30%
OroVelaNacra 17MRuggero Tita
28%
BronzoSchermaFioretto a squadreFAlice Volpi
26%
OroCiclismoInseguimento a squadreM
Simone Consonni
26%
OroVelaNacra 17FCaterina Banti
24%
BronzoTiro con l'arcoIndividualeFLucilla Boari
24%
ArgentoNuoto4x100 m stile liberoM
Manuel Frigo
22%
ArgentoCanoa/kayakK1 200 m MManfredi Rizza
22%
BronzoSollevamento pesi67 kgMMirko Zanni
22%
ArgentoSollevamento pesi64 kgFGiorgia Bordignon
20%
BronzoSollevamento pesi81 kgMAntonino Pizzolato
19%
OroCanottaggio2 di coppia pesi leggeriFFederica Cesarini
19%
BronzoSchermaSpada a squadreFRossella Fiamingo
19%
OroCanottaggio2 di coppia pesi leggeriFValentina Rodini
19%
BronzoKarateKataFViviana Bottaro
19%
BronzoSchermaFioretto a squadreFErica Cipressa
15%
BronzoSchermaSpada a squadreFMara Navarria
15%
BronzoJudo63 kgFMaria Centracchio
15%
BronzoLotta libera-97 kgMAbraham Conyedo
13%
BronzoSchermaSpada a squadreFFederica Isola
13%
BronzoSchermaSpada a squadreFAlberta Santuccio
11%
ArgentoSchermaSciabola a squadremLuca Curatoli
11%
BronzoSchermaFioretto a squadreFMartina Batini
11%
BronzoCanottaggio2 di coppia pesi leggeriMStefano Oppo
11%
ArgentoSchermaSciabola a squadreMEnrico Berrè
9%
BronzoCanottaggio2 di coppia pesi leggeriMPietro Ruta
9%
BronzoCanottaggio4 senzaMMarco Di Costanzo
7%
BronzoCanottaggio4 senzaMBruno Rosetti
6%
BronzoCanottaggio4 senzaMGiuseppe Vicino
6%
BronzoCanottaggio4 senza*MMatteo Castaldo
6%
BronzoCanottaggio4 senzaMMatteo Lodo
6%

Distribuzione punteggi

Percentile per numero di risposta

Percentuale di utenti per punteggio

I tuoi punteggi nel tempo

Non hai fatto questo quiz